00583nam a2200169Ia 4500008004100000020001800041041000800059082000800067100002700075245003600102250001400138260004300152300001500195906001700210999001700227952016900244220530s9999 xx 000 0 und d a9780198082873 aeng bCHA aChauhan, Naresh958134 aPrincipals of Operating Systems a1 Edition aHaryanabOxford Universtiy Pressc2014 a669 Pb PB a136.25bCOMP c52389d52389 001040708Computer EngineeringaCEWNbCEWNd2014-12-31eAllied Publisher Pvt. Ltd.g545.00oCHApCEWN-BK-6970r2022-05-30 00:00:00v408.75w2022-05-30yBKz006970